|
|
|
|
| LEADER |
02624nam a2200565 i 4500 |
| 001 |
nkc20223443137 |
| 003 |
CZ PrNK |
| 005 |
20221006071911.0 |
| 007 |
ta |
| 008 |
220824s2022 xr a b 6 000 1 cze |
| 015 |
|
|
|a cnb003443137
|
| 020 |
|
|
|a 978-80-252-5277-2
|q (vázáno) :
|c Kč 169,00
|
| 035 |
|
|
|a (OCoLC)1347065522
|
| 040 |
|
|
|a ABG001
|b cze
|e rda
|
| 041 |
1 |
|
|a cze
|h eng
|
| 072 |
|
7 |
|a 741.52
|x Komiksy. Komiksové adaptace
|2 Konspekt
|9 21
|
| 072 |
|
7 |
|a 821-93
|x Literatura pro děti a mládež (beletrie)
|2 Konspekt
|9 26
|
| 080 |
|
|
|a 741.52(0:82-321.3)
|2 MRF
|
| 080 |
|
|
|a 821-93
|2 MRF
|
| 100 |
1 |
|
|a Behling, Steve
|7 ola20181014504
|4 aut
|
| 240 |
1 |
0 |
|a Welcome to camp!.
|l Česky
|
| 245 |
1 |
0 |
|a Jurský svět - Křídový kemp :
|b komiks.
|p Vítejte v kempu! /
|c upravil Steve Behling ; ilustroval Patrick Spaziante ; z anglického originálu ... Jurassic world - Camp cretaceous - Welcome to the camp ... přeložila Lucie Jiránková
|
| 246 |
3 |
0 |
|a Křídový kemp
|
| 246 |
3 |
0 |
|a Vítejte v kempu!
|
| 250 |
|
|
|a 1. vydání
|
| 264 |
|
1 |
|a V Praze :
|b Egmont,
|c 2022
|
| 300 |
|
|
|a 31 stran :
|b barevné ilustrace ;
|c 24 cm
|
| 336 |
|
|
|a text
|b txt
|2 rdacontent
|
| 336 |
|
|
|a statický obraz
|b sti
|2 rdacontent
|
| 337 |
|
|
|a bez média
|b n
|2 rdamedia
|
| 338 |
|
|
|a svazek
|b nc
|2 rdacarrier
|
| 490 |
1 |
|
|a Začněte číst
|
| 500 |
|
|
|a Název originálu správně: Welcome to camp!
|
| 520 |
2 |
|
|a Komiksové zpracování animovaného seriálu pro začínající čtenáře.
|b V komiksové knížce vhodné pro začínající čtenáře se Kenji, Brooklynn a Darius vydávají za dinosaury do Křídového kempu. Na rozdíl od ostatních táborníků se však zapomenou řídit podle nejdůležitějšího pravidla pro pobyt v kempu: za jakýchkoli okolností musíte dodržovat odstup od dinosaurů! Díky tomu je v Jurském světě čeká pořádné dobrodružství! Nakladatelská anotace.
|
| 521 |
8 |
|
|a Pro čtenáře od 6 let
|
| 655 |
|
7 |
|a akční a dobrodružné komiksy
|7 fd1057471
|2 czenas
|
| 655 |
|
7 |
|a publikace pro děti
|7 fd133156
|2 czenas
|
| 655 |
|
9 |
|a action and adventure comics
|2 eczenas
|
| 655 |
|
9 |
|a children's literature
|2 eczenas
|
| 700 |
1 |
|
|a Spaziante, Patrick
|7 xx0276541
|4 ill
|
| 700 |
1 |
|
|a Jiránková, Lucie
|7 hka2017937529
|4 trl
|
| 765 |
0 |
|
|t Jurassic world - Camp cretaceous
|9 Česky
|
| 830 |
|
0 |
|a Začněte číst
|0 s
|
| 910 |
2 |
|
|a BOA001
|b 2-1493.337
|
| 920 |
|
|
|a 4665164
|z ABG001
|
| 928 |
9 |
|
|a Albatros Media - Egmont
|
| 990 |
|
|
|a BK
|
| 995 |
|
|
|a 01
|
| 991 |
|
|
|b 202209
|c NOV
|
| 996 |
6 |
|
|b 2610915085
|c 2-1493.337
|l MZK
|r Sklad / do 1 hodiny
|n 0
|p p.v.
|w 001899762
|u 000010
|a 1
|e BOA001
|j MZK50
|s P
|